[Event "African Online op"]
[Site "Tornelo INT"]
[Date "2021.02.05"]
[Round "9"]
[White "Wanyama, Harold"]
[Black "Simoes, Joao"]
[Result "1-0"]
[WhiteElo "2312"]
[BlackElo "2228"]
[PlyCount "159"]
[EventDate "2021.02.01"]
[EventType "swiss (rapid)"]
[EventRounds "9"]
[EventCountry "NET"]
[SourceTitle "CBM 200 Extra"]
[Source "ChessBase"]
[SourceDate "2021.03.31"]
[SourceVersion "1"]
[SourceVersionDate "2021.03.31"]
[SourceQuality "1"]

1. d4 Nf6 2. c4 e6 3. Nc3 d5 4. Nf3 c6 5. Bg5 Nbd7 6. e3 Qa5 7. Bxf6 Nxf6 8. Bd3 Bb4 9. Qb3 dxc4 10. Bxc4 Ne4 11. Rc1 0-0 12. 0-0 Nxc3 13. bxc3 Ba3 14. Rb1 b5 15. Bd3 Bd6 16. e4 Rb8 17. e5 Be7 18. Rfe1 Bd7 19. Re4 g6 20. h4 c5 21. c4 Bc6 22. d5 bxc4 23. Qxb8 exd5 24. Rf4 cxd3 25. Qb2 d4 26. Nd2 Bd5 27. a3 Qc3 28. Qc1 c4 29. Qd1 Qc2 30. Rxd4 Be6 31. Qxc2 dxc2 32. Rc1 c3 33. Nc4 Bc5 34. Rf4 h6 35. Rxc2 g5 36. hxg5 hxg5 37. Rf6 Bxc4 38. Rxc3 Rc8 39. Rxc4 Bxf2+ 40. Kxf2 Rxc4 41. Ra6 Re4 42. Ra5 Kg7 43. Kf3 Re1 44. Kg4 Kg6 45. Ra6+ Kg7 46. Kf5 g4 47. g3 Re3 48. Kf4 Re1 49. Rxa7 Kf8 50. a4 Kg7 51. a5 Kg6 52. Ra6+ Kg7 53. Rb6 Ra1 54. a6 Ra5 55. e6 fxe6 56. Rxe6 Ra4+ 57. Kf5 Kf7 58. Rb6 Kg7 59. Rb7+ Kh6 60. a7 Ra6 61. Rb6+ Rxb6 62. a8Q Rb5+ 63. Kxg4 Rb4+ 64. Kh3 Rb6 65. Qf8+ Kg6 66. Qe8+ Kh7 67. Qf7+ Kh6 68. Qf4+ Kh7 69. Qe4+ Rg6 70. g4 Kg7 71. Qe5+ Kf7 72. g5 Re6 73. Qf5+ Ke7 74. Kg4 Re1 75. Qf6+ Ke8 76. Kh5 Rh1+ 77. Kg6 Rg1 78. Qe6+ Kd8 79. Qd6+ Ke8 80. Qb8+ 1-0

[Event "Africa zt 4.3 op"]
[Site "Blantyre"]
[Date "2015.04.19"]
[Round "3.4"]
[White "Simoes, Joao"]
[Black "Dimba, James"]
[Result "1-0"]
[WhiteElo "2235"]
[BlackElo "2064"]
[PlyCount "38"]
[EventDate "2015.04.18"]
[EventType "swiss"]
[EventRounds "9"]
[EventCountry "MWI"]
[SourceTitle "EXT 2024"]
[Source "ChessBase"]
[SourceDate "2023.10.10"]
[SourceVersion "1"]
[SourceVersionDate "2023.10.10"]
[SourceQuality "1"]

1. d4 Nf6 2. Nf3 g6 3. c4 Bg7 4. g3 0-0 5. Bg2 d6 6. Nc3 Nc6 7. h3 a6 8. 0-0 Rb8 9. a3 b5 10. cxb5 axb5 11. b4 e5 12. dxe5 Nd7 13. Bg5 Qe8 14. Nd5 Ndxe5 15. Rc1 Nxf3+ 16. exf3 Qe5 17. Be7 Bb7 18. Bxf8 Kxf8 19. Nxc7 Ba8 1-0

[Event "Africa-ch"]
[Site "Windhoek"]
[Date "2014.12.21"]
[Round "8"]
[White "Abrantes, Persson"]
[Black "Simoes, Joao"]
[Result "0-1"]
[WhiteElo "1972"]
[BlackElo "2232"]
[PlyCount "42"]
[EventDate "2014.12.13"]
[EventType "swiss"]
[EventRounds "9"]
[EventCountry "NAM"]
[SourceTitle "CBM 164 Extra"]
[Source "ChessBase"]
[SourceDate "2015.03.02"]
[SourceVersion "1"]
[SourceVersionDate "2015.03.02"]
[SourceQuality "1"]

1. d4 d5 2. c4 e6 3. Nc3 Nf6 4. Bg5 c6 5. Nf3 Nbd7 6. e3 Qa5 7. a3 dxc4 8. Bxc4 Ne4 9. Bf4 Nxc3 10. Qd2 b5 11. Bd3 b4 12. bxc3 bxc3 13. Qc1 Bb7 14. 0-0 c5 15. Qb1 Bc6 16. Bxh7 Bxf3 17. gxf3 g6 18. Qb7 Qd8 19. dxc5 Nxc5 20. Qc6+ Nd7 21. Bc7 Rc8 0-1

[Event "Olympiad-41"]
[Site "Tromsoe"]
[Date "2014.08.12"]
[Round "10.4"]
[White "Al Khattab, Ghassan M Ali Ajmed"]
[Black "Simoes, Joao"]
[Result "1-0"]
[WhiteElo "2140"]
[BlackElo "2245"]
[PlyCount "129"]
[EventDate "2014.08.02"]
[EventType "team-swiss"]
[EventRounds "11"]
[EventCountry "NOR"]
[SourceTitle "CBM 162"]
[Source "ChessBase"]
[SourceDate "2014.09.17"]
[SourceVersion "1"]
[SourceVersionDate "2014.09.17"]
[SourceQuality "1"]
[WhiteTeam "Iraq"]
[BlackTeam "Angola"]
[WhiteTeamCountry "IRQ"]
[BlackTeamCountry "ANG"]

1. e4 e6 2. d4 d5 3. Nc3 Bb4 4. a3 Bxc3+ 5. bxc3 dxe4 6. Qg4 Nf6 7. Qxg7 Rg8 8. Qh6 c5 9. Ne2 Bd7 10. Bg5 Ng4 11. Bxd8 Nxh6 12. Bc7 Na6 13. Bf4 Nf5 14. Ng3 cxd4 15. Nxe4 Ke7 16. Bg5+ Kf8 17. Nf6 Bc6 18. Nxg8 Kxg8 19. cxd4 Nxd4 20. 0-0-0 Nb5 21. Bxb5 Bxb5 22. Rd8+ Rxd8 23. Bxd8 Kg7 24. Bg5 Nc7 25. Be3 a6 26. Rd1 Nd5 27. Rd4 Nxe3 28. fxe3 Bc6 29. g3 f5 30. Kd2 Kf6 31. Kc3 h5 32. Rd8 Ke5 33. Rd4 Bd5 34. a4 Kd6 35. Kb4 Kc6 36. a5 Be4 37. c4 Bf3 38. Rd8 Kc7 39. Rh8 Kd6 40. Rd8+ Kc7 41. Rd4 Kc6 42. h3 Bg2 43. c5 Bd5 44. g4 e5 45. Rxd5 Kxd5 46. gxf5 e4 47. f6 Ke6 48. Kc4 Kxf6 49. Kd5 Kf5 50. Kd4 Kg5 51. Kxe4 Kh4 52. Kf3 Kg5 53. e4 h4 54. Ke3 Kf6 55. Kf4 Ke6 56. e5 Kd5 57. Kf5 Kxc5 58. e6 Kb5 59. e7 Kxa5 60. e8Q b5 61. Ke4 Kb4 62. Kd4 a5 63. Qe1+ Ka4 64. Kc5 b4 65. Kc4 1-0

[Event "Olympiad-41"]
[Site "Tromsoe"]
[Date "2014.08.10"]
[Round "8.4"]
[White "Capella, Rurik"]
[Black "Simoes, Joao"]
[Result "0-1"]
[WhiteElo "2205"]
[BlackElo "2245"]
[PlyCount "84"]
[EventDate "2014.08.02"]
[EventType "team-swiss"]
[EventRounds "11"]
[EventCountry "NOR"]
[SourceTitle "CBM 162"]
[Source "ChessBase"]
[SourceDate "2014.09.17"]
[SourceVersion "1"]
[SourceVersionDate "2014.09.17"]
[SourceQuality "1"]
[WhiteTeam "Netherlands Antilles"]
[BlackTeam "Angola"]
[WhiteTeamCountry "AHO"]
[BlackTeamCountry "ANG"]

1. e4 e6 2. d4 d5 3. Nd2 c5 4. c3 Nc6 5. Ngf3 Qb6 6. exd5 exd5 7. dxc5 Bxc5 8. Qe2+ Nge7 9. Nb3 0-0 10. Nxc5 Qxc5 11. Be3 Qa5 12. Qc2 Bf5 13. Bd3 Bxd3 14. Qxd3 Rfd8 15. 0-0 Ng6 16. a4 Qc7 17. b4 Rac8 18. Rfc1 Nf4 19. Qd2 Ne6 20. a5 Rd7 21. Nd4 Ncxd4 22. cxd4 Qd8 23. Ra2 Rxc1+ 24. Qxc1 Rc7 25. Rc2 Qc8 26. Rxc7 Qxc7 27. Qxc7 Nxc7 28. Kf1 Kf8 29. Ke2 Ke8 30. g4 Kd7 31. h4 Kc6 32. Kd3 Kb5 33. Bf4 Na6 34. Kc3 Nxb4 35. Be5 g6 36. Bc7 Nc6 37. Kd3 Nxa5 38. Ke3 Nc6 39. f4 f5 40. h5 Kc4 41. hxg6 hxg6 42. gxf5 gxf5 0-1

[Event "Olympiad-41"]
[Site "Tromsoe"]
[Date "2014.08.05"]
[Round "4.3"]
[White "Simoes, Joao"]
[Black "Holm, Kristian Stuvik"]
[Result "1/2-1/2"]
[WhiteElo "2245"]
[BlackElo "2275"]
[PlyCount "90"]
[EventDate "2014.08.02"]
[EventType "team-swiss"]
[EventRounds "11"]
[EventCountry "NOR"]
[SourceTitle "CBM 162"]
[Source "ChessBase"]
[SourceDate "2014.09.17"]
[SourceVersion "1"]
[SourceVersionDate "2014.09.17"]
[SourceQuality "1"]
[WhiteTeam "Angola"]
[BlackTeam "Norway III"]
[WhiteTeamCountry "ANG"]
[BlackTeamCountry "NOR"]

1. d4 Nf6 2. c4 e6 3. Nf3 d5 4. g3 dxc4 5. Bg2 Bb4+ 6. Bd2 c5 7. dxc5 Bxc5 8. Qa4+ Nbd7 9. 0-0 0-0 10. Qxc4 b5 11. Qh4 Bb7 12. Nc3 a6 13. Rad1 Qe7 14. Bg5 Rfd8 15. Nd4 Bxg2 16. Kxg2 Ne5 17. Bxf6 Qxf6 18. Qxf6 gxf6 19. e3 f5 20. Nce2 Rac8 21. h3 Kf8 22. b3 Ba3 23. f4 Nc6 24. Nxc6 Rxd1 25. Rxd1 Rxc6 26. Rd8+ Kg7 27. Ra8 Rc2 28. Kf3 Rxa2 29. Rxa6 b4 30. Nd4 Rh2 31. Ra7 Kf6 32. Nc6 Rb2 33. Nd4 Rb1 34. Rb7 Rf1+ 35. Ke2 Rb1 36. g4 fxg4 37. hxg4 Kg6 38. g5 Bb2 39. Rxb4 Bxd4 40. exd4 Kf5 41. Rb7 Kxf4 42. Rxf7+ Kxg5 43. Rxh7 Rxb3 44. Rf7 Kg6 45. Rf1 Ra3 1/2-1/2

[Event "Olympiad-41"]
[Site "Tromsoe"]
[Date "2014.08.04"]
[Round "3.4"]
[White "Simoes, Joao"]
[Black "Santos, Hugo Lima"]
[Result "1/2-1/2"]
[WhiteElo "2245"]
[BlackElo "2266"]
[PlyCount "224"]
[EventDate "2014.08.02"]
[EventType "team-swiss"]
[EventRounds "11"]
[EventCountry "NOR"]
[SourceTitle "CBM 162"]
[Source "ChessBase"]
[SourceDate "2014.09.17"]
[SourceVersion "1"]
[SourceVersionDate "2014.09.17"]
[SourceQuality "1"]
[WhiteTeam "Angola"]
[BlackTeam "Portugal"]
[WhiteTeamCountry "ANG"]
[BlackTeamCountry "POR"]

1. d4 Nf6 2. Nf3 g6 3. c4 Bg7 4. g3 0-0 5. Bg2 d6 6. 0-0 Nbd7 7. Nc3 e5 8. e4 a6 9. Re1 exd4 10. Nxd4 Re8 11. h3 Rb8 12. Be3 c5 13. Nc2 Ne5 14. b3 b5 15. f4 Ned7 16. cxb5 axb5 17. Qxd6 Nh5 18. Ne2 Bxa1 19. Rxa1 Bb7 20. Rd1 Ndf6 21. e5 Bxg2 22. Kxg2 Ne4 23. Qd7 Qxd7 24. Rxd7 f5 25. g4 Ng7 26. b4 Ra8 27. Bxc5 Rxa2 28. Ned4 Nxc5 29. bxc5 Ne6 30. Kf3 Nxc5 31. Rd5 Ne6 32. Rxb5 Ra3+ 33. Nxa3 Nxd4+ 34. Kg3 Nxb5 35. Nxb5 Rf8 36. Nd6 Kg7 37. Kf3 h6 38. Ke3 h5 39. Kf3 h4 40. gxf5 gxf5 41. Kg2 Kg6 42. Kf2 Rd8 43. Kf3 Rd7 44. Kf2 Ra7 45. Ke3 Ra3+ 46. Kf2 Rd3 47. Kg2 Rc3 48. Kf2 Rxh3 49. e6 Rh2+ 50. Kf3 Kf6 51. Nxf5 Kxe6 52. Kg4 h3 53. Ng3 Kf6 54. Kh4 Ke7 55. Nf5+ Kf6 56. Ng3 Kg7 57. Kg4 Kh6 58. Nf5+ Kg6 59. Ng3 Rf2 60. f5+ Kh6 61. Kxh3 Rf4 62. Ne2 Rf2 63. Ng3 Rf4 64. Ne2 Rxf5 65. Kg4 Kg6 66. Ng3 Re5 67. Kf4 Ra5 68. Ne4 Rd5 69. Ng3 Rd4+ 70. Ne4 Rd3 71. Ke5 Rf3 72. Nd6 Rf1 73. Ne4 Rf5+ 74. Kd4 Ra5 75. Nc5 Kf5 76. Kd5 Ra8 77. Ne6 Ra5+ 78. Nc5 Ra7 79. Kd4 Ra1 80. Nd3 Ra3 81. Nc5 Ra2 82. Nd3 Ra4+ 83. Kd5 Kf6 84. Nc5 Ra3 85. Kd4 Ra8 86. Ne4+ Kf5 87. Nd6+ Kf4 88. Kd5 Ra5+ 89. Kd4 Ra1 90. Kd5 Rd1+ 91. Ke6 Rd4 92. Nb5 Rc4 93. Kd5 Rc1 94. Nd6 Rd1+ 95. Ke6 Rd2 96. Nc4 Rd3 97. Nd6 Rd4 98. Nb5 Ra4 99. Kd5 Ra5 100. Kc4 Ke5 101. Nc3 Ra6 102. Kc5 Ra8 103. Kc4 Rd8 104. Nb5 Rc8+ 105. Kd3 Rb8 106. Kc4 Rh8 107. Nc3 Rh4+ 108. Kc5 Rg4 109. Nb5 Rg5 110. Kc4 Rg2 111. Nc3 Rd2 112. Kc5 Rd8 1/2-1/2

[Event "Olympiad-41"]
[Site "Tromsoe"]
[Date "2014.08.02"]
[Round "1.4"]
[White "Socko, Bartosz"]
[Black "Simoes, Joao"]
[Result "1-0"]
[WhiteElo "2612"]
[BlackElo "2245"]
[PlyCount "67"]
[EventDate "2014.08.02"]
[EventType "team-swiss"]
[EventRounds "11"]
[EventCountry "NOR"]
[SourceTitle "CBM 162"]
[Source "ChessBase"]
[SourceDate "2014.09.17"]
[SourceVersion "1"]
[SourceVersionDate "2014.09.17"]
[SourceQuality "1"]
[WhiteTeam "Poland"]
[BlackTeam "Angola"]
[WhiteTeamCountry "POL"]
[BlackTeamCountry "ANG"]

1. e4 e6 2. d4 d5 3. Nd2 dxe4 4. Nxe4 Bd7 5. Nf3 Bc6 6. Bd3 Nd7 7. 0-0 Ngf6 8. Ng3 Bd6 9. Re1 0-0 10. Ne5 Re8 11. Bg5 h6 12. Bd2 Bf8 13. Nxc6 bxc6 14. c3 c5 15. dxc5 Nxc5 16. Bb5 Ncd7 17. Be3 c5 18. Qa4 Qc7 19. Rad1 Nb6 20. Qh4 g5 21. Bxg5 hxg5 22. Qxg5+ Bg7 23. Bxe8 Rxe8 24. Rd3 Nh7 25. Qh4 Qe7 26. Qxe7 Rxe7 27. Nf5 Re8 28. Rg3 exf5 29. Rxe8+ Nf8 30. Rf3 f6 31. Rb8 Kf7 32. Rb7+ Nfd7 33. a4 a5 34. b4 1-0

[Event "Olympiad-40"]
[Site "Istanbul"]
[Date "2012.09.07"]
[Round "10.1"]
[White "Simoes, Joao"]
[Black "Meza Martinez, Alcides Ivan"]
[Result "1-0"]
[WhiteElo "2275"]
[BlackElo "2187"]
[PlyCount "103"]
[EventDate "2012.08.28"]
[EventType "team-swiss"]
[EventRounds "11"]
[EventCountry "TUR"]
[SourceTitle "CBM 151"]
[Source "ChessBase"]
[SourceDate "2012.11.13"]
[SourceVersion "1"]
[SourceVersionDate "2012.11.13"]
[SourceQuality "1"]
[WhiteTeam "Angola"]
[BlackTeam "Honduras"]
[WhiteTeamCountry "ANG"]
[BlackTeamCountry "HON"]

1. d4 e6 2. c4 f5 3. g3 Nf6 4. Bg2 d5 5. Nf3 c6 6. 0-0 Bd6 7. b3 Qe7 8. Bb2 0-0 9. e3 b6 10. Qc2 Ne4 11. Ne5 Bb7 12. f3 Ng5 13. Nd2 c5 14. Rae1 Nd7 15. Nd3 Rac8 16. Qb1 Ba6 17. Rc1 Nf7 18. f4 Bb7 19. Ne5 Nf6 20. Ndf3 Ne4 21. Rfd1 Bxe5 22. Nxe5 Nxe5 23. dxe5 g5 24. cxd5 Bxd5 25. Qd3 Rcd8 26. Qe2 g4 27. Bc3 h5 28. Be1 Rf7 29. Qb5 Rdf8 30. b4 c4 31. Rxd5 exd5 32. Qxd5 Qd7 33. Qxc4 b5 34. Qb3 Re8 35. Rd1 Qe6 36. Rd5 a6 37. Qd3 Kg7 38. Bxe4 fxe4 39. Qxe4 Qf5 40. Qxf5 Rxf5 41. Bc3 Rc8 42. Rc5 Rxc5 43. bxc5 Kf8 44. e4 Rf7 45. e6 Rc7 46. Be5 Rc6 47. Bd6+ Ke8 48. f5 b4 49. f6 Rxd6 50. cxd6 a5 51. f7+ Kf8 52. d7 1-0

[Event "Olympiad-40"]
[Site "Istanbul"]
[Date "2012.09.06"]
[Round "9.2"]
[White "Simoes, Joao"]
[Black "Croad, Nicholas"]
[Result "0-1"]
[WhiteElo "2275"]
[BlackElo "2255"]
[PlyCount "110"]
[EventDate "2012.08.28"]
[EventType "team-swiss"]
[EventRounds "11"]
[EventCountry "TUR"]
[SourceTitle "CBM 151"]
[Source "ChessBase"]
[SourceDate "2012.11.13"]
[SourceVersion "1"]
[SourceVersionDate "2012.11.13"]
[SourceQuality "1"]
[WhiteTeam "Angola"]
[BlackTeam "New Zealand"]
[WhiteTeamCountry "ANG"]
[BlackTeamCountry "NZL"]

1. d4 Nf6 2. Nf3 e6 3. c4 d5 4. g3 Be7 5. Bg2 0-0 6. 0-0 c6 7. Qc2 b6 8. Nbd2 Nbd7 9. e4 Bb7 10. e5 Ne8 11. cxd5 cxd5 12. Re1 Rc8 13. Qd1 Nc7 14. Nf1 Na6 15. a3 Nab8 16. Bd2 Nc6 17. h4 Na5 18. Ng5 Nc4 19. Bc1 h6 20. Nh3 Qe8 21. Nf4 Nb8 22. Nh2 Nc6 23. Bf1 Kh8 24. b3 N4a5 25. Ng4 Rg8 26. Be3 Nb8 27. b4 Nc4 28. Bc1 a5 29. bxa5 bxa5 30. Bd3 Ba6 31. Bb1 Nb6 32. Ra2 Na4 33. Rc2 Nc3 34. Rxc3 Rxc3 35. Qd2 Rc8 36. Nh5 Qb5 37. Bb2 Bf8 38. Kh2 Nd7 39. Qf4 g6 40. Qxf7 Rg7 41. Nxg7 Bxg7 42. Qxg6 Nf8 43. Qh5 Qxb2 44. Kg2 Qd2 45. Nxh6 Qxh6 46. Qd1 Bb5 47. f4 Be8 48. Rf1 Bg6 49. g4 Bxb1 50. Qxb1 Ng6 51. h5 Nxf4+ 52. Kg3 Rc3+ 53. Kf2 Nh3+ 54. Kg2 Qd2+ 55. Kh1 Rc2 0-1

[Event "Olympiad-40"]
[Site "Istanbul"]
[Date "2012.09.01"]
[Round "5.2"]
[White "Simoes, Joao"]
[Black "Kurmann, Oliver"]
[Result "0-1"]
[WhiteElo "2275"]
[BlackElo "2469"]
[PlyCount "202"]
[EventDate "2012.08.28"]
[EventType "team-swiss"]
[EventRounds "11"]
[EventCountry "TUR"]
[SourceTitle "CBM 151"]
[Source "ChessBase"]
[SourceDate "2012.11.13"]
[SourceVersion "1"]
[SourceVersionDate "2012.11.13"]
[SourceQuality "1"]
[WhiteTeam "Angola"]
[BlackTeam "Switzerland"]
[WhiteTeamCountry "ANG"]
[BlackTeamCountry "SUI"]

1. d4 Nf6 2. Nf3 e6 3. c4 c5 4. dxc5 Bxc5 5. a3 b6 6. g3 Bb7 7. Bg2 Be7 8. 0-0 0-0 9. Bf4 d6 10. Nbd2 Nbd7 11. Qc2 Rc8 12. Rac1 Nd5 13. Qb1 Nxf4 14. gxf4 g6 15. Rfd1 Nf6 16. e3 Rc7 17. Nd4 Bxg2 18. Kxg2 Qa8+ 19. Kg1 a6 20. b4 e5 21. Ne2 exf4 22. Nxf4 Rfc8 23. Rc3 d5 24. Rdc1 Bd6 25. Ne2 Ng4 26. h3 Ne5 27. cxd5 Qxd5 28. Rxc7 Rxc7 29. Rxc7 Bxc7 30. Nd4 Qd7 31. Qc2 Bd6 32. Ne4 Be7 33. Kg2 Qd5 34. Kg1 Nc4 35. Qd3 Nxa3 36. Qxa3 Qxe4 37. Qxa6 Qb1+ 38. Kg2 Qxb4 39. Qa8+ Kg7 40. Qb7 Qd6 41. Qe4 Bf6 42. Nb5 Qc5 43. Qd3 Qc6+ 44. Kg1 Qc1+ 45. Kg2 Qc6+ 46. Kg1 Qc1+ 47. Kg2 Qb2 48. Qd7 Bh4 49. Qd4+ Qxd4 50. Nxd4 Kf8 51. Kf3 Ke7 52. Ke2 Kd6 53. f3 Bf6 54. Nb3 Kd5 55. Kd3 Bg7 56. Nd2 b5 57. Nb3 b4 58. Nc1 g5 59. e4+ Kc5 60. Nb3+ Kb5 61. Nc1 Be5 62. Nb3 Ka4 63. Kc2 Bf4 64. Na1 Bg3 65. Nb3 Bf2 66. Na1 Bd4 67. Nb3 Bc3 68. Nc1 Kb5 69. Kd3 Kc5 70. Nb3+ Kd6 71. Nc1 Ke5 72. Ne2 f5 73. exf5 Kxf5 74. Kc4 h6 75. Kd3 Be1 76. Ke3 Bc3 77. Kd3 Be5 78. Kc4 Bd6 79. Kb3 Kg6 80. Nd4 Be5 81. Nc2 Bc3 82. Ne3 Bd2 83. Ng4 Kh5 84. Kc4 Bc3 85. Kb3 Bg7 86. Kxb4 Kh4 87. Kc4 Kg3 88. Kd3 Kxf3 89. Ne3 h5 90. Nf5 Be5 91. Kd2 Kf4 92. Ne3 Kg3 93. Ke2 Kxh3 94. Kf1 Kh2 95. Nf5 g4 96. Ne3 Bf4 97. Ng2 Bg5 98. Kf2 h4 99. Kf1 h3 100. Ne1 g3 101. Nf3+ Kh1 0-1